Flora nativa de valor ornamental: identificación y propagación, Chile, zona centro

Salvato in:
Dettagli Bibliografici
Autori principali: Riedemann Moellinghoff, María Paulina (Autore), Aldunate Noël, Gustavo Eduardo (Autore)
Natura: Libro
Lingua:spagnolo
Pubblicazione: Santiago Ediciones Jardín Botánico Chagual 2014
Edizione:3a. ed
Soggetti:
Tags: Aggiungi Tag
Nessun Tag, puoi essere il primo ad aggiungerne!!

MARC

LEADER 00000cam a2200000 a 4500
001 UCC9497
003 CL-VaPUC
008 191004e20140000cl |||||||||||||||||spa|d
020 |a 9789569479014 
082 0 4 |a 581.983  |b RIE  |2 21 
100 0 |a Riedemann Moellinghoff, María Paulina  |e author  |9 604600 
700 0 |a Aldunate Noël, Gustavo Eduardo  |e author  |9 604601 
245 1 0 |a Flora nativa de valor ornamental: identificación y propagación, Chile, zona centro 
250 |a 3a. ed 
300 |a 587 p 
942 |c BK 
945 |d 20191004 13:59:00  |a cmena 
260 |a Santiago  |b Ediciones Jardín Botánico Chagual  |c 2014 
650 0 |a Flora chilena  |9 416577 
650 0 |a Flora nativa chilena  |9 531171 
650 0 |a Plantas ornamentales  |9 345450 
650 0 |a Plantas bulbosas  |9 413201 
650 7 |a PLANTAS TREPADORAS  |2 CL-VaPUC  |9 604602 
583 |a last modification  |c 20191004 13:59:00  |k Rodrigo Vera 
999 |c 375677  |d 375675 
952 |0 0  |1 0  |3 erb  |4 0  |6 581_983000000000000_RIE_2014  |7 0  |8 A  |9 494685  |a BIBAGR  |b BIBAGR  |i 5562317  |l 13  |m 3  |o 581.983 RIE 2014  |p 5562317  |r 2025-04-22  |s 2025-03-27  |w 2019-11-24  |y BK  |z Catalogado en:20191004  |k AGR 
952 |0 0  |1 0  |3 erb  |4 0  |6 581_983000000000000_RIE_2014  |7 0  |8 A  |9 494686  |a BIBAGR  |b BIBAGR  |i 5562309  |l 16  |m 4  |o 581.983 RIE 2014  |p 5562309  |r 2025-04-16  |s 2025-04-08  |w 2019-11-24  |y BK  |z Catalogado en:20191004  |k AGR